| 000 | 01109cam a22003137a 4500 | ||
|---|---|---|---|
| 003 | CHAP | ||
| 005 | 20220817042930.0 | ||
| 008 | 971013s1996 r 00010 d | ||
| 010 | _a60325 | ||
| 011 | _a61297 | ||
| 035 | _a65461 | ||
| 040 | _cCHAP | ||
| 082 |
_a312.0972 _bI59 Mich. |
||
| 110 |
_aInstituto Nacional de Estadística, Geografía e Informática. México _959304 |
||
| 245 | 0 |
_aEncuesta nacional de la dinámica demográfica _b: Michoacán |
|
| 260 |
_aAguascalientes, Ags. : _bINEGI, _c1996- |
||
| 300 | _av. | ||
| 500 | _aLa biblioteca tiene : v.1 Panorama sociodemográfico | ||
| 590 |
_aBATCH-UPD _b10 _c20130110 _lUCH01 _h1942 |
||
| 590 |
_aBATCH-UPD _b10 _c20130410 _lUCH01 _h1305 |
||
| 590 |
_aBATCH-UPD _b10 _c20130914 _lUCH01 _h1816 |
||
| 590 |
_aCONVERSION _b10 _c20130109 _lUCH01 _h1332 |
||
| 650 | 1 | 4 |
_aMichoacán _xCondiciones sociales. |
| 650 | 1 | 4 |
_aPoblación _xEstadísticas _zMichoacán. _989384 |
| 650 | 1 | 4 |
_aPoblación _zMichoacán. _989426 |
| 901 | _aBK | ||
| 942 | _cLIBRO | ||
| 949 |
_a312.0972 I59 Mich. _bBC _cINEGI _d33724000639704 _eINEGI _fv.1 _gI. c/e _h90569 _i65461 _si _t18.00 |
||
| 999 |
_c60325 _d60325 |
||